| 000 | 00914nam a22002055i 4500 | ||
|---|---|---|---|
| 001 | 153571 | ||
| 003 | ES-MaACL | ||
| 005 | 20250701220534.0 | ||
| 008 | 990701s1900 fr |||| | fre d | ||
| 040 |
_aGA _bspa _cCCPB | 3D |
||
| 100 | 1 |
_aDu Maroussem, Pierre. _9126850 |
|
| 245 | 1 | 4 |
_aLes enquêtes _b: pratique et théorie / _cpar Pierre du Maroussem. |
| 260 |
_aParis : _bFélix Alcan, _c1900 ( _eEvreux : _fImprimerie de Charles Hérissey) |
||
| 300 |
_a328 p. ; _c22 cm. |
||
| 490 | 1 |
_aBibliothèque générale des sciences sociales ; _v6 |
|
| 505 | 8 | _aContiene: 1. ptie. Points de repère et points de vue. - 2. ptie. La cité moderne. - 3. ptie. La région rurale. - 4. ptie. La formation empirique de l'esprit. Conclusion. Appendices | |
| 830 | 0 | 0 |
_aBibliothèque générale des sciences sociales _v6 _9187778 |
| 852 |
_aES-MaACL _jC-23086 _z-- Enc. ed. en tela |
||
| 999 |
_c153571 _d153571 |
||